000 00407nam a22001457a 4500
999 _c57811
_d57811
005 20201209135749.0
008 201209s2009 enk||||| |||| 00| 0 eng d
040 _c612 j-93
041 _aeng
245 _aJunior Animated Atlas of Human Anatomy and Physiology /
_b2009.
260 _aSingapore :
_bFocus Medica Pte Ltd,
_c2009.
653 _aმედიცინა
653 _aCD-ROM
942 _2udc
_cCF